Ilusiones y dilemas: la democracia en Centroamérica /

में बचाया:
ग्रंथसूची विवरण
मुख्य लेखक: Tangermann, Klaus-Dieter
स्वरूप: अज्ञात
प्रकाशित: San José: FLACSO. Programa Costa Rica 1995
विषय:
टैग: टैग जोड़ें
कोई टैग नहीं, इस रिकॉर्ड को टैग करने वाले पहले व्यक्ति बनें!

MARC

LEADER 00000 a2200000 04500
001 11748
003 cru CIDCACS/IIS
005 20230816171605.0
008 991231s1995 cr d
020 |a 9977-608-70-1 
040 |a cru CIDCACS/IIS  |b cru CIDCACS/IIS 
090 |a 04.02.02 T164i 
100 |a Tangermann, Klaus-Dieter  
245 |a Ilusiones y dilemas: la democracia en Centroamérica /  |c Klaus-Dieter Tangermann, compilador 
260 |a San José:   |b FLACSO. Programa Costa Rica   |c 1995 
300 |a 356 páginas  
650 |a DEMOCRACIA  
650 |a DEMOCRATIZACION  
650 |a RELACIONES INTERNACIONALES  
650 |a PLANES DE PAZ  
650 |a COEXISTENCIA PACIFICA  
650 |a MANTENIMIENTO DE LA PAZ  
650 |a ELECCIONES  
650 |a PARTICIPACION SOCIAL  
650 |a CONDICIONES SOCIALES  
650 |a CALIDAD DE LA VIDA  
650 |a DESARROLLO HUMANO  
650 |a ELECCIONES  
650 |a CONDICIONES SOCIALES  
942 |2 z  |c LI  |h 14.02.02 T164i  |i 24003  |6 140202_T164I_24003 
999 |c 11683  |d 11683